| 000 | 00897nam a2200265Ia 4500 | ||
|---|---|---|---|
| 003 | OSt | ||
| 005 | 20220923220840.0 | ||
| 006 | a|||||r|||| 00| 0 | ||
| 007 | ta | ||
| 008 | 220922b |||||||| |||| 00| 0 hin d | ||
| 024 | _a191,289 | ||
| 037 | _cTextual | ||
| 040 |
_aARTS _cARTS _bhin |
||
| 041 |
_2hin _ahin |
||
| 082 | _aV1:2.N5, 152J9;L3 | ||
| 100 | _aमहाजन, विद्याधर | ||
| 245 | 0 | _aआघुनिक शासन विघान | |
| 246 | _aĀghunik shāsan vighāna | ||
| 260 |
_aनई दिल्ली _b एस0 चन्द एण्ड कम्पनी प्रा0 _c1959 |
||
| 300 |
_a1047पृ. _ccm. |
||
| 650 | _a विश्व-इतिहास | ||
| 650 | _aविश्व-इतिहास | ||
| 942 |
_hV1:2.N5, 152J9;L3 _cTEXL _2CC |
||
| 999 |
_c343996 _d343996 |
||